Learning from case studies

Bibliographic Details
Main Author: Easton, Geoff
Format: Book
Published: New York : Prentice Hall , 1992
Edition:2nd. ed.
Subjects:

MARC

LEADER 00000cam a2200000 7i4500
001 0000003381
005 20021125.0
020 |a 0135286883 
040 |a INS 
090 0 0 |a HD30.4.   |b E27 1992 
100 1 |a Easton, Geoff 
245 1 0 |a Learning from case studies   |c Geoff Easton 
250 |a 2nd. ed. 
260 |a New York :   |b Prentice Hall ,   |c 1992 
300 |a 222p. ;   |c 23 cm. 
650 0 0 |a Case method 
650 0 0 |a Management   |x study and teaching 
999 |a 0000005511   |b BOOK   |c Open Shelf   |e Default branch 
999 |a 0000005961   |b BOOK   |c Open Shelf   |e Default branch